BODY LANGUAGE (Record no. 44130)
[ view plain ]
| 000 -LEADER | |
|---|---|
| fixed length control field | nam a22 7a 4500 |
| 003 - CONTROL NUMBER IDENTIFIER | |
| control field | OSt |
| 005 - DATE AND TIME OF LATEST TRANSACTION | |
| control field | 20180503130147.0 |
| 008 - FIXED-LENGTH DATA ELEMENTS--GENERAL INFORMATION | |
| fixed length control field | 180503b xxu||||| |||| 00| 0 eng d |
| 040 ## - CATALOGING SOURCE | |
| Transcribing agency | IIMT UNIVERSITY, MEERUT |
| 050 ## - LIBRARY OF CONGRESS CALL NUMBER | |
| Classification number | 403.254LEW |
| Item number | 310 |
| 082 ## - DEWEY DECIMAL CLASSIFICATION NUMBER | |
| Edition number | 2ND ED. |
| Classification number | 403.254LEW |
| Item number | 310 |
| 100 ## - MAIN ENTRY--PERSONAL NAME | |
| Personal name | LEWIS, H |
| 245 ## - TITLE STATEMENT | |
| Title | BODY LANGUAGE |
| 260 ## - PUBLICATION, DISTRIBUTION, ETC. | |
| Place of publication, distribution, etc. | DELHI |
| Name of publisher, distributor, etc. | RESPONSE |
| Date of publication, distribution, etc. | 250/- |
| 300 ## - PHYSICAL DESCRIPTION | |
| Other physical details | 2ND ED.207 PP |
| 760 ## - MAIN SERIES ENTRY | |
| Edition | 2ND |
| 887 ## - NON-MARC INFORMATION FIELD | |
| Source of data | ACCESSION REGISTER |
| 942 ## - ADDED ENTRY ELEMENTS (KOHA) | |
| Source of classification or shelving scheme | |
| Koha item type | Text-Book- for 7 days |
| Edition | 2ND |
| Classification part | TITLE |
| Item part | BOOKS |
| Call number prefix | 658.056LEW |
| Call number suffix | 658.056LEW |
| Withdrawn status | Lost status | Source of classification or shelving scheme | Materials specified (bound volume or other part) | Damaged status | Not for loan | Home library | Current library | Date acquired | Source of acquisition | Coded location qualifier | Cost, normal purchase price | Inventory number | Total Checkouts | Full call number | Barcode | Date last seen | Copy number | Uniform Resource Identifier | Cost, replacement price | Price effective from | Koha item type | Public note |
|---|---|---|---|---|---|---|---|---|---|---|---|---|---|---|---|---|---|---|---|---|---|---|
| PAPER BACK | IIMT College of Architecture | IIMT College of Architecture | 05/03/2018 | TRANSFER UNIVERSITY LIBRARY | ARCHITECTU | 250.00 | TRANSFER UNIVERSITY LIBRARY | 403.254LEW 310 | 24-B-311 | 05/03/2018 | R | ARCHITECTURE | 250.00 | 04/30/2018 | Text-Book- for 7 days | PERSONALITY DEVELOPMENT |

